Vista normal
Vista MARC
Entrada Materia (corporativa)
Número de registros utilizados en: 1
001 - CONTROL NUMBER
- control field: 99382
003 - CONTROL NUMBER IDENTIFIER
- control field: Co-BoUCM
005 - DATE AND TIME OF LATEST TRANSACTION
- control field: 20191202090733.0
008 - FIXED-LENGTH DATA ELEMENTS
- fixed length control field: 191202|| aca||aabn | a|a d
040 ## - CATALOGING SOURCE
- Original cataloging agency: Co-BoUCM
- Transcribing agency: Co-BoUCM
110 ## - HEADING--CORPORATE NAME
- Corporate name or jurisdiction name as entry element: Université de droit, d'économie et de sciences sociales de Paris
- Subordinate unit: Centre de recherche sur les droits de l'homme et le droit humanitaire
- Subordinate unit: Colloque international
- Number of part/section/meeting: (11th :
- Date of meeting or treaty signing: 2016 :
- Location of meeting: Paris, France)
670 ## - SOURCE DATA FOUND
- Source citation: Work cat.: (Co-BoUCM)316222: Université de droit, d'économie et de sciences sociales de Paris Centre de recherche sur les droits de l'homme et le droit humanitaire Colloque international (11th : 2016 : Paris, France), Le système de protection des droits de l'homme des Nations Unies, 2018